Candilis-Jasic-woords : una década de arquitectura y urbanismo
| Main Author: | |
|---|---|
| Format: | Section = Libro |
| Language: | Undetermined Spanish |
| Published: |
Barcelona
Gustavo Gili
1968
|
| Subjects: |
| LEADER | 00475nam a2200181Ia 4500 | ||
|---|---|---|---|
| 008 | 240829s9999 xx 000 0 und d | ||
| 040 | |a BIBLIOTECA-RUSB/ 720 J64 | ||
| 041 | |a spa | ||
| 082 | |a 720 J64 | ||
| 100 | 1 | |a Joedicke, Jurgen | |
| 245 | 1 | 0 | |a Candilis-Jasic-woords : una década de arquitectura y urbanismo |
| 260 | |a Barcelona |b Gustavo Gili |c 1968 | ||
| 300 | |a 226 p. :il. | ||
| 650 | 7 | |a ARQUITECTURA | |
| 650 | 7 | |b URBANISMO | |
| 942 | |c BK |2 ddc | ||
| 991 | |a TEXTO | ||
| 999 | |c 4915 | ||